[Event "North Urals Cup (Women) 2nd"]
[Site "Krasnoturinsk"]
[Date "2004.07.26"]
[Round "3"]
[White "Zhukova, Natalia"]
[Black "Stefanova, Antoaneta"]
[Result "1/2-1/2"]
[WhiteElo "2475"]
[BlackElo "2527"]
[Annotator "Wells,P"]
[PlyCount "37"]
[EventDate "2004.07.24"]
[EventType "tourn"]
[EventRounds "9"]
[EventCountry "RUS"]
[EventCategory "9"]
[SourceTitle "CBM 103"]
[Source "ChessBase"]
[SourceDate "2004.11.11"]
[SourceVersion "1"]
[SourceVersionDate "2004.11.11"]
[SourceQuality "1"]

1. c4 Nf6 2. d4 c6 {At least this is a move order I can understand! Far more
curious to my mind are the considerable number of games which reach this
position via 1 d4 Nf6 2 c4 c6. I can see ways in which the early ...Nf6 rather
restricts Black's choices in the Slav, but none in which it harms White's. I
did have one opponent early this year who employed this move order, but I put
this down to a desire to provoke the Trompovsky(!?) something I rather
respected after a string of opponents trying to do the opposite!} 3. Bf4 $5 {
Just about the only attempt to use Black's move order to get 'something
different'. However, this game provides further evidence that the cost may be
a bit high.} Qb6 $5 {This looks likely to cause a healthy degree of
inconvenience. Indeed, after this, the whole game rather smacks of White
responding to her opponent's threats rather than creating any of her own.} ({
White's unusual third move is all about the fact that after} 3... d5 4. e3 {
Black is not guaranteed any familiar Slav patterns. One successful example of
White's idea leading to a pleasant QGD:} e6 ({Others look more combative eg.} 
4... Bf5 $5) (4... Qb6 $5) 5. Nc3 Be7 6. Nf3 Nbd7 7. c5 Nh5 8. Bd3 O-O 9. O-O
f5 10. b4 a6 11. a4 h6 12. b5 axb5 13. axb5 Rxa1 14. Qxa1 g5 15. bxc6 Nxc5 $2 (
15... bxc6 16. Bd6 $14) 16. c7 Qe8 17. Bb5 Bd7 18. Be5 Ne4 19. Bxd7 Qxd7 20.
Qa4 $1 $16 {Gulko,B-Lautier,J/ Dos Hermanas 1994.}) 4. Qd2 Ne4 5. Qc2 d6 $1 {
I like this move. It looks much more fun to try and exploit White's dark
squared liberties by playing ...e5 than to settle for a static centre. I must
admit, when I saw this curious, mildly Trompowskiesque position on the
database I assumed it to be quite original. How naive! Its not that easy to
break new ground these days. Of the alternatives:} ({Of course not} 5... Qxd4
$2 6. e3 Qf6 7. Qxe4 Qxb2 8. Qd4 $16) (5... d5 {looks more likely to lead,
other things being equal, to more static formations. In fact though it was
rather the prelude to a tactical melee in its most high level outing.} 6. f3 $1
(6. cxd5 $6 Qxd4 $132) (6. e3 Bf5 $11) 6... e5 $5 7. Bxe5 Qa5+ 8. Nc3 Nxc3 9.
bxc3 dxc4 10. e4 b5 11. Ne2 b4 (11... Nd7 12. Bf4 Nb6 {was better, but my
money still goes on White's neat centre.}) 12. Bf4 Na6 13. Kf2 Be7 14. Ng3 Be6
15. Nf5 Bxf5 16. exf5 O-O 17. Bxc4 Bf6 18. Rhe1 bxc3 19. Be5 Bxe5 20. Rxe5 {
gave White a clear advantage with better coordination and king-side chances in
Gelfand,B-Kramnik,V/Sanghi Nagar (m) 1994.}) 6. f3 $6 {More ambitious than
White's treatment in the previous outing but I rather suspect weaker. There
was however also a rare old tussle after} (6. Nc3 $5 Nxc3 7. bxc3 $5 (7. Qxc3
Nd7 8. a3 $5 (8. Nf3 e5 9. Be3 $13)) 7... Qa5 8. Nf3 g6 (8... Nd7) 9. e3 Bg7
10. Be2 O-O 11. O-O Nd7 12. Rfd1 Nb6 13. Nd2 Na4 14. Rdc1 e5 15. Bg3 Re8 16.
Bd3 $1 ({White would like to play} 16. c5 {but this runs into} Nxc3 $1 17. Qxc3
(17. Nc4 Nxe2+ 18. Qxe2 Qa6) 17... Qxc3 18. Rxc3 exd4 19. Rcc1 dxe3 20. fxe3
Bxa1 $15) 16... c5 (16... f5 17. c5) 17. Ne4 exd4 18. Nxd6 Re7 19. cxd4 cxd4
20. e4 Nc3 {0-1 Benjamin,J-Gurevich,D/Philadelphia 1995/EXT 2000 (33) with a
rich but very unclear strategic tussle.}) 6... Nf6 $1 (6... e5 7. Be3 (7. Qxe4
$2 Qxb2 8. dxe5 d5) 7... Qa5+ 8. Nd2 Nf6 9. Bf2 Be7 10. e4 O-O 11. Ne2 $13 {
gains little. Again if she can consolidate in this way White has fair chances
of a spatial plus whatever the obscure exchange of tempi from the early moves.}
) 7. Qd2 {'Clumsy looking, but pretty much the only move, a sign that the
strategy is not a roaring success.'} (7. e3 e5 8. dxe5 (8. Bg5 Be7 $15) 8...
dxe5 9. Bxe5 (9. Bg5 h6) 9... Qxe3+ 10. Qe2 Qc1+ 11. Kf2 Be6 $17) 7... e5 8.
Be3 (8. dxe5 dxe5 9. Bxe5 Bc5 {heralds a nasty accident!}) (8. c5 Qc7 9. cxd6
Bxd6 10. dxe5 Bxe5 11. Bxe5 Qxe5 12. e4 {might be playable, but looks too much
like White trying to equalise!}) 8... Qa6 {Black keeps up the momentum and can
already claim some opening success.} 9. Na3 Be6 ({In some guise or other I
would be tempted to advance Black's e-pawn to keep the White forces restrained.
Maybe} 9... Be7 10. Bf2 e4 $5) 10. Rc1 Nbd7 11. Bf2 Qa4 ({By the same logic,
perhaps} 11... e4 $5 12. e3 Qb6) 12. d5 {A useful 'equalising tactic'! Weaker
was} (12. e4 $6 d5 {[%cal Gf8b4]}) 12... cxd5 13. cxd5 (13. Nb5 Rc8 14. b3 Qa6
15. Nxa7 Rc7 16. Nb5 {seems to be another legitimate route to a quick sharing
of the honours rather than a try for advantage.}) 13... Bxd5 14. e4 Bc6 15. Rc4
Qa6 16. Rc5 (16. Rc1 b5 17. Qc3 Nb8 18. Nc2 Bd7 $13) 16... Qa4 ({The queen
sacrifice} 16... Qxf1+ 17. Kxf1 dxc5 (17... Nxc5) 18. Ne2 {was playable, but
Black would need to be pretty 'all out' for the win. I don't believe we can
talk about an advantage for Black in that case.} b5 $140 19. Qa5) 17. Rc4 Qa6
18. Rc5 Qa4 19. Rc4 1/2-1/2